| 000 | 00475nam a22001697a 4500 | ||
|---|---|---|---|
| 008 | 210815b |||||||| |||| 00| 0 eng d | ||
| 020 | _a9788183221689 | ||
| 082 | _a306.7/P321w | ||
| 100 | _aPease, Allan | ||
| 245 | _aWhy men want sex and women need love | ||
| 260 |
_aBhopal: _bManjul Publishing House, _c2009 |
||
| 300 | _axi,265p. ;illus. | ||
| 504 | _aBibliography:p.259-265 | ||
| 650 | _aMan-woman relationships | ||
| 700 | _aPease, Barbara | ||
| 942 |
_2ddc _cGEN |
||
| 999 |
_c100950 _d100939 |
||